[Event "Challenge"]
[Site "http://www.queenalice.com/game.php?id=679889"]
[Date "2009.11.8"]
[Round "-"]
[White "Givanildo"]
[Black "Julianoj"]
[Result "1-0"]
[WhiteElo "1443"]
[BlackElo "1415"]

1. e4 g5 2. Bc4 Nf6 3. e5 Ng8 4. Qh5 e6 5. d4 Bb4+ 6. c3 Ba5 7. Bxg5 Ne7 8. f4
d5 9. Bd3 c6 10. Bxh7 Qb6 11. b3 Bxc3+ 12. Nxc3 Qxd4 13. Nge2 Qb4 14. Bf6 d4 15.
Bxh8 dxc3 16. O-O Nd5 17. Bg8 Nd7 18. Bxf7+ Kd8 19. Bxe6 Nc5 20. Bxd5 cxd5 21.
e6 Nxe6 22. Qxd5+ Bd7 23. Bf6+ Kc7 24. Bxc3 Qc5+ 25. Qxc5+ Nxc5 26. Be5+ Kc6 27.
Nd4+ Kd5 28. Rfd1 a5 29. a4 Rf8 30. Nf3+ Ke6 31. Bd6 Rxf4 32. Bxf4 Nxb3 33. Nd4+
Nxd4 34. Rxd4 Bc6 35. Re1+ Kf5 36. Re5+ Kf6 37. g4 Kf7 38. g5 b6 39. Rd6 Bxa4
40. g6+ Kf8 41. Bh6+ Kg8 42. Rd8+ Be8 43. Rexe8# 1-0

[Event "Challenge"]
[Site "http://www.queenalice.com/game.php?id=679901"]
[Date "2009.11.8"]
[Round "-"]
[White "LeandroSouza"]
[Black "Julianoj"]
[Result "1-0"]
[WhiteElo "1613"]
[BlackElo "1400"]

1. e4 g5 2. d4 Bg7 3. c3 d5 4. e5 e6 5. Nf3 g4 6. Ng1 h5 7. g3 f5 8. exf6 Nxf6
9. Bg5 c6 10. Ne2 Qb6 11. Qd2 Ne4 12. Qc1 Rf8 13. Be3 a5 14. Bg2 Bh6 15. Bxe4
dxe4 16. Bxh6 Rf6 17. O-O Rxh6 18. Qxh6 Qxb2 19. Qxh5+ Ke7 20. Qg5+ Kd6 21. Nd2
Qb5 22. Qxb5 cxb5 23. Nxe4+ Kd5 24. Nf6+ Kc4 25. Nxg4 Ra6 26. a4 b4 27. cxb4
axb4 28. Rfc1+ Kd3 29. Rxc8 Kxe2 30. Rxb8 Kd3 31. Rxb7 Kc3 32. Ne3 Kb2 33. Rd1
Rxa4 34. d5 b3 35. dxe6 Kc3 36. e7 Ra8 37. Nd5+ Kc2 38. Re1 b2 39. e8=Q Ra1 40.
Qe4+ Kd2 41. Rxb2# 1-0

[Event "Challenge"]
[Site "http://www.queenalice.com/game.php?id=679904"]
[Date "2009.11.8"]
[Round "-"]
[White "reibas"]
[Black "Julianoj"]
[Result "1-0"]
[WhiteElo "1842"]
[BlackElo "1413"]

1. e4 h5 2. Nf3 h4 3. Bc4 e6 4. e5 g5 5. h3 d5 6. Bb5+ Bd7 7. Be2 Bh6 8. d4 Nc6
9. a3 f5 10. exf6 Qxf6 11. Be3 O-O-O 12. Nc3 a6 13. b4 Kb8 14. b5 Nce7 15. bxa6
b6 16. O-O Nf5 17. Ne5 Be8 18. Bb5 Nd6 19. Bc6 Ne7 20. Bxe8 Rdxe8 21. Nd7+ Ka7
22. Nxf6 Ref8 23. Nd7 Rf7 24. Qg4 Ndf5 25. Ne5 Nxe3 26. Nxf7 Nxg4 27. Nxh8 Bg7
28. Nf7 Bxd4 29. hxg4 Bxc3 30. Rab1 e5 31. Nxg5 d4 32. Rb5 c5 33. Kh2 Bd2 34.
Ne4 Bf4+ 35. Kh3 Ng6 36. g3 Kxa6 37. Rfb1 Kb7 38. Rxb6+ Kc7 39. a4 hxg3 40. fxg3
c4 41. Rxg6 c3 42. a5 d3 43. Rg7+ Kc6 44. Rb6+ Kd5 45. Nxc3+ Kd4 46. cxd3 Bd2
47. Rd7+ Kxc3 48. Rc6+ Kb4 49. Rd5 e4 50. dxe4 Ka4 51. a6 Ba5 52. Rxa5+ Kxa5 53.
a7 Kb5 54. Rh6 Kc4 55. a8=Q Kd3 56. Rd6+ Kc4 57. Qd5+ Kb4 58. Qc6 Kb3 59. Rd3+
Kb2 60. Qc3+ Kb1 61. Rf3 Ka2 62. Qc2+ Ka1 63. Rf1# 1-0

[Event "Challenge"]
[Site "http://www.queenalice.com/game.php?id=679906"]
[Date "2009.11.8"]
[Round "-"]
[White "paulofreitas"]
[Black "Julianoj"]
[Result "1-0"]
[WhiteElo "1703"]
[BlackElo "1458"]

1. e4 g5 2. d4 Bg7 3. Bxg5 d5 4. e5 h6 5. Bf4 c6 6. Nf3 Qb6 7. b3 e6 8. Bd3 Ne7
9. O-O c5 10. c3 c4 11. bxc4 Qb2 12. Qb3 Qxb3 13. axb3 h5 14. cxd5 Nxd5 15. Bg5
Nxc3 16. Nxc3 O-O 17. Be2 b6 18. Nh4 Nc6 19. Be3 Rd8 20. Rad1 a5 21. Bxh5 Ba6
22. Rfe1 b5 23. Bg5 Rd7 24. d5 Na7 25. Re4 b4 26. Na4 Rb8 27. Nc5 Bc8 28. Nxd7
Bxd7 29. Bg4 f5 30. Red4 fxg4 31. d6 Rb5 32. Bf4 Rc5 33. f3 Nc6 34. Re4 gxf3 35.
Nxf3 Nb8 36. Rc4 Rc8 37. Rxc8+ Bxc8 38. Rc1 Bd7 39. Rc5 a4 40. bxa4 b3 41. Nd2
Kh7 42. Nxb3 Bc6 43. a5 Bd5 44. Rc8 Nd7 45. a6 Bxb3 46. Rd8 Ba4 47. a7 Nb6 48.
Kf2 Bc6 49. Rb8 Nd5 50. Bg3 Kg6 51. a8=Q Bxa8 52. Rxa8 Kf5 53. d7 Bxe5 54. Rf8+
Ke4 55. d8=Q Bxg3+ 56. Kxg3 e5 57. h4 Ne3 58. h5 Nc4 59. h6 Ke3 60. h7 e4 61.
h8=Q Ke2 62. Qdd4 Nd2 63. Rf2+ Ke1 64. Qxd2# 1-0

[Event "Challenge"]
[Site "http://www.queenalice.com/game.php?id=679918"]
[Date "2009.11.8"]
[Round "-"]
[White "horsemen"]
[Black "Julianoj"]
[Result "0-1"]
[WhiteElo "1392"]
[BlackElo "1409"]

1. f4 d5 2. Nc3 d4 3. Ne4 f5 4. Ng3 c5 5. Nf3 g6 6. c3 e6 7. e4 fxe4 8. Nxe4
dxc3 9. bxc3 Bd6 10. g3 Be7 11. Qb3 Qd5 12. Qxd5 exd5 13. Neg5 c4 14. Bh3 Nc6
15. d4 Bxg5 16. Nxg5 Nf6 17. O-O Bxh3 18. Nxh3 O-O 19. Re1 h6 20. Re6 a5 21. Rb1
Rf7 22. Ba3 Kg7 23. Rbe1 Ne4 24. Bb2 a4 25. Nf2 a3 26. Bxa3 Nxc3 27. Ra1 Nxd4
28. Re5 Rxa3 29. Rc1 Nce2+ 30. Rxe2 Nxe2+ 31. Kf1 Nxc1 32. h4 Rxa2 33. Kg2 Rxf2+
34. Kxf2 c3 35. g4 Rxf4+ 0-1

[Event "Challenge"]
[Site "http://www.queenalice.com/game.php?id=679946"]
[Date "2009.11.8"]
[Round "-"]
[White "Julianoj"]
[Black "jumping"]
[Result "0-1"]
[WhiteElo "1414"]
[BlackElo "1687"]

1. b4 e5 2. c4 Bxb4 3. a3 Bc5 4. Bb2 Nc6 5. e4 Nf6 6. d3 O-O 7. g4 Bd4 8. Ra2 d6
9. g5 Ng4 10. Bxd4 Nxd4 11. h4 f6 12. Nf3 b5 13. Nxd4 exd4 14. cxb5 Bd7 15. Qb3+
Rf7 16. Nd2 Qe8 17. Nf3 Be6 18. Qb2 Bxa2 19. Qxa2 Qxb5 20. Be2 Qa5+ 21. Kf1 Qc5
22. Qb2 fxg5 23. Nxg5 Nxf2 24. Rh2 Nxd3+ 25. Kg1 Nxb2 26. Bg4 d3+ 27. Kh1 Rf1+
28. Kg2 Rg1+ 29. Kh3 Qe3+ 30. Nf3 d2 31. h5 d1=Q 32. Be6+ Kf8 33. Kh4 Qf4+ 34.
Kh3 Qg3# 0-1

[Event "Challenge"]
[Site "http://www.queenalice.com/game.php?id=680334"]
[Date "2009.11.9"]
[Round "-"]
[White "MillaA"]
[Black "Julianoj"]
[Result "0-1"]
[WhiteElo "1090"]
[BlackElo "1452"]

1. b3 g5 2. e3 Bg7 3. Bb2 Bxb2 4. g3 Bxa1 5. c3 c5 6. d4 Qa5 7. Nd2 Bxc3 8. dxc5
Bxd2+ 9. Qxd2 Qxd2+ 10. Kxd2 Nc6 11. f4 g4 12. Bd3 Nb4 13. Ne2 Nxd3 14. Kxd3 d5
15. e4 Nf6 16. e5 Ne4 17. Rc1 O-O 18. Nd4 f5 19. Nxf5 Rxf5 20. Re1 Nxc5+ 21. Ke2
e6 22. Rf1 d4 23. Rd1 d3+ 24. Rxd3 Nxd3 25. Kxd3 b5 26. Ke4 Bb7+ 27. Kd4 a6 28.
a3 Rc8 29. a4 bxa4 30. bxa4 Rff8 31. Ke3 Rc2 32. Kd4 Rd8+ 33. Ke3 Rxh2 34. a5
Rh3 35. Kf2 Rd3 36. Ke2 Rhxg3 37. Kf2 h5 38. f5 Kf7 39. fxe6+ Kxe6 0-1

[Event "Challenge"]
[Site "http://www.queenalice.com/game.php?id=680335"]
[Date "2009.11.9"]
[Round "-"]
[White "Meirebel"]
[Black "Julianoj"]
[Result "1-0"]
[WhiteElo "1813"]
[BlackElo "1445"]

1. e4 g5 2. d4 Bg7 3. Bxg5 Nc6 4. d5 Nb4 5. c3 Na6 6. Nf3 f6 7. Bh4 Nc5 8. Bc4
c6 9. dxc6 bxc6 10. O-O e6 11. Qd6 Qb6 12. b4 Nxe4 13. Qd3 d5 14. Bb3 Ba6 15. c4
Ne7 16. Na3 Rd8 17. b5 cxb5 18. cxb5 Bb7 19. Ba4 O-O 20. Bc2 a6 21. Ne5 Nf5 22.
Nf3 e5 23. Rab1 a5 24. Bb3 h6 25. Bc2 Rc8 26. Qb3 Rc3 27. Qb2 Rfc8 28. Bxe4 dxe4
29. Nxe5 Nxh4 30. Nc6 Qc5 31. Rbc1 Qxa3 32. Qxc3 Qxc3 33. Rxc3 Kh7 34. Rc4 f5
35. Rfc1 Ng6 36. Nxa5 Rxc4 37. Rxc4 Bd5 38. Rc2 Ne7 39. Nc6 Bf6 40. Nxe7 Bxe7
41. Rc7 Kg6 42. Rxe7 f4 43. a4 h5 44. b6 Kf6 45. Ra7 e3 46. fxe3 fxe3 47. b7 e2
48. Kf2 Bxg2 49. Kxe2 Kf5 50. b8=Q h4 51. Rf7+ Kg4 52. Qg8+ Kh3 53. Rf3+ Kxh2
54. Kf2 h3 55. Rxh3+ Bxh3 56. Qg1# 1-0

[Event "Challenge"]
[Site "http://www.queenalice.com/game.php?id=680967"]
[Date "2009.11.10"]
[Round "-"]
[White "limone_br"]
[Black "Julianoj"]
[Result "1-0"]
[WhiteElo "1693"]
[BlackElo "1454"]

1. d4 b5 2. e3 b4 3. Nf3 d5 4. a3 Qd6 5. Ne5 c5 6. Bb5+ Kd8 7. Nxf7+ Kc7 8. Nxd6
exd6 9. axb4 c4 10. Qh5 Nf6 11. Qf7+ Nbd7 12. Ra6 Kb7 13. Nc3 g6 14. Nxd5 Ne4
15. f3 Ng5 16. Qf4 Ne6 17. Qe4 Nc7 18. Nxc7+ Kxc7 19. Qc6+ Kb8 20. e4 Be7 21.
Bf4 Nb6 22. Bxd6+ Bxd6 23. Qxd6+ Kb7 24. Qc6+ Kb8 25. Ra3 Bd7 26. Qc5 Rc8 27.
Qe5+ Kb7 28. Ba6+ Kc6 29. d5+ Nxd5 30. Qxd5+ Kc7 31. Bxc8 Bc6 32. Qxc4 Rxc8 33.
Rxa7+ Kd8 34. Qd4+ Ke8 35. Qh8# 1-0

[Event "Challenge"]
[Site "http://www.queenalice.com/game.php?id=685232"]
[Date "2009.11.18"]
[Round "-"]
[White "Feee"]
[Black "Julianoj"]
[Result "1-0"]
[WhiteElo "1807"]
[BlackElo "1460"]

1. e4 b5 2. d4 c6 3. Nf3 e6 4. a3 Nf6 5. Nc3 d5 6. e5 Ne4 7. Nxe4 dxe4 8. Ng5 f5
9. exf6 gxf6 10. Nxe4 h5 11. Be2 f5 12. Bxh5+ Ke7 13. Bg5+ Kd7 14. Bxd8 Kxd8 15.
Ng5 Kc7 16. Qe2 Bh6 17. Nf7 Rh7 18. Bg6 Rg7 19. Qh5 Rxf7 20. Bxf7 Bg7 21. c3 Nd7
22. Bxe6 Nf6 23. Qf7+ Kd6 24. Bxc8 Rxc8 25. Qxg7 Re8+ 26. Kd1 Ne4 27. Qg6+ Kc7
28. Qxe8 Nxf2+ 29. Ke1 Nd3+ 30. Kd2 Nxb2 31. Qe7+ Kb6 32. a4 bxa4 33. Qb4+ Kc7
34. Qxb2 a5 35. Rxa4 f4 36. Rxa5 Kd6 37. Qb8+ Ke6 38. Re5+ Kf6 39. Qd6+ Kg7 40.
Re7+ Kf8 41. Qd8# 1-0

[Event "Challenge"]
[Site "http://www.queenalice.com/game.php?id=687047"]
[Date "2009.11.22"]
[Round "-"]
[White "jumping"]
[Black "Julianoj"]
[Result "1-0"]
[WhiteElo "1713"]
[BlackElo "1441"]

1. e4 c6 2. d4 d5 3. Nc3 g6 4. exd5 cxd5 5. Nf3 Be6 6. Bb5+ Bd7 7. O-O e6 8. Re1
Qc7 9. Nxd5 Qd8 10. Bg5 Qa5 11. Bxd7+ Nxd7 12. c4 f6 13. Nxf6+ Ngxf6 14. Bxf6
Nxf6 15. Rxe6+ Be7 16. Qe2 Qc7 17. Rxf6 O-O-O 18. Rf7 Rhe8 19. Rxh7 b6 20. Qe6+
Kb8 21. b3 Rc8 22. Qxg6 Qd6 23. Qxd6+ Bxd6 24. g4 a5 25. g5 Re6 26. d5 Rg6 27.
h4 Bf4 28. Re1 b5 29. cxb5 Rb6 30. Rhe7 Rxb5 31. Re8 Rxd5 32. g6 Rd7 33. R1e7
Rd1+ 34. Kg2 Rdd8 35. Rxd8 Rxd8 36. h5 Rd6 37. Re8+ Kc7 38. g7 Rh6 39. Kf1 Rxh5
40. g8=Q Rh3 41. Qf7+ Kb6 42. Qe6+ Kb5 43. Qxh3 Kb4 44. Re4+ Ka3 45. Ra4+ Kb2
46. Rxf4 Kxa2 47. Ke2 Kxb3 48. Ne5+ Kc2 49. Qd3+ Kb2 50. Rc4 Ka2 51. Rc2+ Kb1
52. Qd1# 1-0

[Event "Challenge"]
[Site "http://www.queenalice.com/game.php?id=687971"]
[Date "2009.11.24"]
[Round "-"]
[White "Julianoj"]
[Black "FENIX_RJ"]
[Result "0-1"]
[WhiteElo "1434"]
[BlackElo "1473"]

1. e4 e5 2. Bd3 Bc5 3. Nf3 Nf6 4. Nxe5 Qe7 5. f4 d6 6. Nc4 Ng4 7. f5 Nf2 8. Qg4
Nxg4 9. Be2 Bf2+ 10. Kf1 Qxe4 11. d3 Qxf5 12. h3 Be3+ 13. Bf3 Nf2 14. Nxe3 Qe5
15. Kxf2 Nc6 16. Nc3 Be6 17. a4 Nd4 18. Bxb7 Rd8 19. Nb5 Qf6+ 20. Ke1 Qh4+ 21.
Kd1 Qf2 22. Nxc7+ Ke7 23. Re1 Kd7 24. Bd2 Kxc7 25. c3 Bb3+ 26. Kc1 Ne2+ 27. Kb1
Kxb7 28. Ra3 Be6 29. a5 Bf5 30. a6+ Kb6 31. Kc2 d5 32. c4 dxc4 33. Nxc4+ Kc5 34.
Be3+ Qxe3 35. Nxe3 Nd4+ 36. Kd2 Nb5 37. Rc1+ Kd4 38. Rc4+ Ke5 39. Rc5+ Ke6 40.
Rxb5 Rd6 41. Rxf5 Re8 42. Rc3 Rxa6 43. g4 g6 44. Rd5 Kf6 45. g5+ Kg7 46. Rc7
Rae6 47. Ng4 Re2+ 48. Kc3 h5 49. Nh6 Rf2 50. Rxa7 Rf3 51. h4 Rf8 52. Rc7 Rh3 53.
Rdd7 Rf3 54. Nxf7 R8xf7 55. Rxf7+ Rxf7 56. Rxf7+ Kxf7 57. d4 Ke6 58. b4 Kf5 0-1

[Event "lesbica"]
[Site "http://www.queenalice.com/game.php?id=695757"]
[Date "2009.12.10"]
[Round "4"]
[White "higorgomes"]
[Black "Julianoj"]
[Result "0-1"]
[WhiteElo "1334"]
[BlackElo "1420"]

1. e4 Nf6 2. Bd3 d5 3. exd5 Qxd5 4. Nc3 Qxg2 5. Qf3 Qxf3 6. Nxf3 Nc6 7. Nb5 Kd8
8. Ng5 Ne5 9. f4 Nxd3+ 10. cxd3 Rg8 11. Nxf7+ Kd7 12. d4 c6 13. Ne5+ Kd8 14. Nc3
Ke8 15. b3 e6 16. O-O c5 17. Nb5 Rb8 18. Nc7+ Kd8 19. Nb5 b6 20. Nc6+ Kd7 21.
Nxb8+ Ke8 22. d5 Nxd5 23. Re1 Nb4 24. Re3 Nc2 25. Re4 Nxa1 26. f5 g6 27. fxe6
Ke7 28. d4 Bb7 29. Re2 Bg7 30. dxc5 Rxb8 31. cxb6 axb6 32. Bg5+ Ke8 33. e7 h6
34. Nc7+ Kd7 35. Nb5 hxg5 36. e8=Q+ Rxe8 37. Rxe8 Kxe8 38. Nd6+ Ke7 39. Nxb7 Nc2
40. Kf2 Bd4+ 41. Kf3 Nb4 42. Ke4 Bf6 43. a3 Nc6 44. b4 Kd7 45. b5 Ne7 46. a4 Kc7
47. a5 Bc3 48. a6 Nc8 49. Kf3 Na7 50. Kg4 Bf6 51. h3 Nxb5 52. Kf3 Kb8 0-1

[Event "Challenge"]
[Site "http://www.queenalice.com/game.php?id=713688"]
[Date "2010.1.14"]
[Round "-"]
[White "Julianoj"]
[Black "joserie"]
[Result "0-1"]
[WhiteElo "1436"]
[BlackElo "2297"]

1. d4 Nf6 2. Bg5 d5 3. Qd3 b6 4. Nc3 e6 5. O-O-O Be7 6. Nb5 O-O 7. g3 Ba6 8. c4
c6 9. Na3 Bxa3 10. Qxa3 Bxc4 11. b3 Bb5 12. Nf3 h6 13. Bf4 Ne4 14. Rg1 Nxf2 15.
Rd2 Ne4 16. Rc2 a5 17. g4 Na6 18. g5 h5 19. h4 g6 20. Ne5 Nb4 21. Rb2 Qe7 22. e3
Nd3+ 23. Bxd3 Qxa3 24. Bxb5 cxb5 25. Nd7 Rfc8+ 26. Kb1 Rc6 27. Rc1 Nd2+ 28. Ka1
Rxc1+ 29. Rb1 Rxb1# 0-1

[Event "Challenge"]
[Site "http://www.queenalice.com/game.php?id=795024"]
[Date "2010.6.26"]
[Round "-"]
[White "Julianoj"]
[Black "FC"]
[Result "0-1"]
[WhiteElo "1396"]
[BlackElo "1419"]

1. d4 e6 2. e3 Nf6 3. c4 Bb4+ 4. Bd2 Bxd2+ 5. Nxd2 b6 6. g3 d6 7. Bg2 O-O 8.
Bxa8 c6 9. Qa4 c5 10. Qxa7 Na6 11. Nb3 Nb4 12. O-O-O d5 13. dxc5 bxc5 14. Nxc5
Qd6 15. Qa5 Nc6 16. Qb6 Bd7 17. Bb7 Rb8 18. e4 Bc8 19. Qxc6 Qxc6 20. Bxc6 Rb4
21. Rd4 Rxc4+ 22. Rxc4 dxc4 23. f3 e5 24. Ne2 h6 25. h4 g6 26. Rd1 Bh3 27. f4
Ng4 28. Rd8+ Kg7 29. f5 gxf5 30. exf5 Ne3 31. Re8 Bxf5 32. Rxe5 c3 33. bxc3 Be6
34. Rxe3 Bxa2 35. Nf4 Kf6 36. g4 Kg7 37. Nh5+ Kg6 38. Kb2 Bc4 39. Be4+ f5 40.
Bxf5+ Kf7 41. Be6+ Bxe6 42. Rxe6 Kf8 43. Rxh6 Ke7 0-1

[Event "AUTO-OPEN-2023"]
[Site "http://www.queenalice.com/game.php?id=796103"]
[Date "2010.6.28"]
[Round "1"]
[White "Julianoj"]
[Black "pgierech"]
[Result "0-1"]
[WhiteElo "1397"]
[BlackElo "2049"]

1. d4 f5 2. e3 Nf6 3. Nd2 e6 4. Nc4 Be7 5. Qf3 O-O 6. Bd2 d5 7. Ne5 Nbd7 8. Nh3
Nxe5 9. dxe5 Ne4 10. Bd3 Ng5 11. Nxg5 Bxg5 12. c4 c6 13. c5 b5 14. O-O a5 15. a3
Ba6 16. a4 b4 17. Bxa6 Rxa6 18. Qe2 Ra8 19. f4 Be7 20. g3 Bxc5 21. Rac1 Qb6 22.
g4 fxg4 23. Kg2 h5 24. Qe1 Be7 25. Rh1 h4 26. Qe2 c5 27. Qxg4 c4 28. Rb1 Rf5 29.
Qf3 Raf8 30. Kh3 Qc6 31. Rbc1 Qxa4 32. Rhg1 R8f7 33. Rg6 Qb3 34. Kg4 d4 35. Rxe6
Bf8 36. exd4 Qxb2 37. Qd1 Qxd4 38. Qf1 Qxd2 39. Rxc4 Qxh2 40. Qh3 Qe2+ 41. Qf3
Qxc4 42. Kh3 Rxf4 43. Qa8 Qxe6+ 44. Kg2 Rf1 45. Qxa5 Qg6+ 46. Kh3 Rh1# 0-1

[Event "AUTO-OPEN-2023"]
[Site "http://www.queenalice.com/game.php?id=796104"]
[Date "2010.6.28"]
[Round "1"]
[White "pgierech"]
[Black "Julianoj"]
[Result "1-0"]
[WhiteElo "2040"]
[BlackElo "1433"]

1. d4 e6 2. c4 c6 3. Nf3 Qa5+ 4. Nc3 Nf6 5. Bd2 Qb6 6. Qc2 c5 7. d5 exd5 8. Nxd5
Nxd5 9. cxd5 Bd6 10. g3 O-O 11. Bg2 Na6 12. a3 Nc7 13. Ng5 g6 14. Bc3 Re8 15.
O-O Qa6 16. Ne4 Nxd5 17. Qd2 Bc7 18. Qxd5 Kf8 19. Qxc5+ Re7 20. Qxc7 d5 21. Qd8+
Re8 22. Bb4+ Kg7 23. Bc3+ Kh6 24. Qh4# 1-0

[Event "AUTO-OPEN-2023"]
[Site "http://www.queenalice.com/game.php?id=796105"]
[Date "2010.6.28"]
[Round "1"]
[White "Julianoj"]
[Black "LuizFerreira"]
[Result "1-0"]
[WhiteElo "1395"]
[BlackElo "1351"]

1. d4 d5 2. c3 f5 3. Qa4+ Bd7 4. Qb3 Bc8 5. Nf3 b6 6. e3 Nf6 7. Ne5 Bb7 8. Bb5+
c6 9. Bd3 b5 10. Bxf5 g6 11. Bd3 Na6 12. Nxc6 Bxc6 13. Bxb5 Qb6 14. Bxc6+ Qxc6
15. Nd2 Bh6 16. O-O Ne4 17. f3 Ng5 18. f4 Rb8 19. Qd1 Qe6 20. Qa4+ Kf8 21. fxg5+
Kg7 22. Nf3 Qd6 23. gxh6+ Kxh6 24. e4+ Kg7 25. e5 Qd8 26. Bg5 Kf8 27. Qxa6 Qd7
28. Bh6+ Ke8 29. Ng5 Rxb2 30. Rac1 Qc7 31. Qa4+ Kd8 32. Nf7+ Kc8 33. Nxh8 Qd8
34. Nf7 Qg8 35. Qa6+ Kb8 36. Rb1 Ka8 37. Rxb2 Qd8 38. Qb7# 1-0

[Event "AUTO-OPEN-2023"]
[Site "http://www.queenalice.com/game.php?id=796106"]
[Date "2010.6.28"]
[Round "1"]
[White "LuizFerreira"]
[Black "Julianoj"]
[Result "0-1"]
[WhiteElo "1371"]
[BlackElo "1381"]

1. d4 e6 2. Nf3 d5 3. b3 g6 4. Nc3 Nc6 5. g4 Nf6 6. g5 Nh5 7. a4 Bd7 8. Bh3 Bg7
9. e3 O-O 10. Kf1 f6 11. Ba3 Rf7 12. gxf6 Qxf6 13. Ne5 Nxe5 14. dxe5 Qxe5 15.
Qd3 Bf8 16. f4 Nxf4 17. exf4 Qxf4+ 18. Ke1 Bxa3 19. Rf1 Qe5+ 20. Kd1 Raf8 21.
Re1 Qh5+ 22. Re2 Rf3 23. Qd2 Rxh3 24. Rxa3 Rf1+ 25. Qe1 Rxe1+ 26. Kxe1 Rxc3 27.
a5 Qh4+ 28. Kd2 d4 29. Ra4 Bxa4 30. bxa4 Qf4+ 31. Kd1 d3 32. Rxe6 Rxc2 33. Re8+
Kg7 34. Re7+ Kh6 35. Rd7 Qc1# 0-1

[Event "AUTO-OPEN-2023"]
[Site "http://www.queenalice.com/game.php?id=796107"]
[Date "2010.6.28"]
[Round "1"]
[White "Julianoj"]
[Black "TJ"]
[Result "0-1"]
[WhiteElo "1396"]
[BlackElo "2097"]

1. d4 d5 2. c3 Nf6 3. e3 e6 4. Nf3 Bd6 5. g3 O-O 6. Qc2 c5 7. dxc5 Bxc5 8. c4
Bb4+ 9. Bd2 Be7 10. c5 Nc6 11. b4 Ne4 12. Bd3 Bf6 13. Nd4 Bxd4 14. Bc1 Bxa1 15.
a3 Qf6 16. f4 Bc3+ 17. Nxc3 Qxc3+ 18. Qxc3 Nxc3 19. h4 Re8 20. Bd2 Ne4 21. g4
Nxd2 22. Kxd2 e5 23. f5 e4 24. Be2 a6 25. h5 Ne5 26. g5 Bxf5 27. g6 fxg6 28.
hxg6 Bxg6 29. a4 Nc6 30. b5 axb5 31. Bxb5 Rf8 32. Rc1 Rf2+ 33. Ke1 Rh2 34. Kd1
Rh1+ 35. Kd2 Rxc1 36. Kxc1 Rf8 37. Kb2 h5 38. Kb3 Rf3 39. Bxc6 bxc6 40. a5 Rxe3+
41. Kb4 Re1 42. a6 Ra1 43. Kc3 Rxa6 0-1

[Event "AUTO-OPEN-2023"]
[Site "http://www.queenalice.com/game.php?id=796108"]
[Date "2010.6.28"]
[Round "1"]
[White "TJ"]
[Black "Julianoj"]
[Result "1-0"]
[WhiteElo "2102"]
[BlackElo "1394"]

1. d4 c6 2. c4 e6 3. g3 Qb6 4. Bg2 Bb4+ 5. Bd2 a5 6. c5 Qd8 7. a3 Bxd2+ 8. Nxd2
d5 9. Ngf3 Nh6 10. O-O b6 11. Rc1 b5 12. e4 dxe4 13. Nxe4 Nf5 14. g4 a4 15. Nd6+
Nxd6 16. cxd6 Qxd6 17. Ne5 h5 18. Qf3 f6 19. Nxc6 hxg4 20. Qg3 Kd7 21. Qxd6+
Kxd6 22. Nb4 Ra7 23. Rc2 Bb7 24. Bxb7 Rxb7 25. Rfc1 g5 26. Re2 Rbh7 27. f3 gxf3
28. Rf2 g4 29. Rc5 g3 30. Rxf3 Rxh2 31. Rxb5 Rh1+ 32. Kg2 R8h2+ 33. Kxg3 Nd7 34.
Ra5 Rxb2 35. Ra6+ Ke7 36. Nc6+ Kf7 37. Rxa4 Rg1+ 38. Kh3 Rh1+ 39. Kg3 Rg1+ 40.
Kf4 Rc2 41. Ra6 Rh1 42. Nd8+ Ke7 43. Nxe6 Rh3 44. Rxh3 Rf2+ 45. Rf3 Rh2 46. Re3
Rh4+ 47. Kg3 Rh8 48. a4 f5 49. a5 Nf6 50. Nf4+ Kf7 51. Rb3 Rg8+ 52. Kf3 Rg1 53.
Rb7+ Kf8 54. Ra8+ Ne8 55. Ne6+ Kg8 56. Rxe8# 1-0

[Event "Kraj´s Challenge"]
[Site "http://www.queenalice.com/game.php?id=818988"]
[Date "2010.8.16"]
[Round "-"]
[White "Julianoj"]
[Black "Krajnicov"]
[Result "0-1"]
[WhiteElo "1411"]
[BlackElo "1447"]

1. d4 e6 2. e4 b6 3. Bb5 a6 4. Be2 c5 5. d5 Qf6 6. f4 b5 7. Nc3 c4 8. dxe6 dxe6
9. Bf3 Bc5 10. e5 Qg6 11. Bxa8 Ne7 12. Nge2 Nf5 13. Be4 O-O 14. b3 Bd7 15. bxc4
b4 16. Nb1 f6 17. exf6 Rxf6 18. Ng3 Qh6 19. Nh5 Rf7 20. g4 Nh4 21. f5 g5 22. f6
Bc6 23. Qd8+ Rf8 0-1

[Event "Challenge"]
[Site "http://www.queenalice.com/game.php?id=833548"]
[Date "2010.9.16"]
[Round "-"]
[White "vinoseco"]
[Black "Julianoj"]
[Result "1-0"]
[WhiteElo "1476"]
[BlackElo "1409"]

1. Nf3 d5 2. e3 g6 3. Nd4 Bg7 4. Nb5 Nh6 5. d4 O-O 6. N1c3 Bg4 7. f3 Bc8 8. Ne2
Na6 9. Nbc3 Nf5 10. e4 dxe4 11. Nxe4 Bxd4 12. Qd3 c6 13. g4 Ng7 14. Nxd4 c5 15.
Nb3 Qxd3 16. Bxd3 Nb4 17. O-O Be6 18. Nbxc5 Bc8 19. Bg5 f6 20. Bh6 e6 21. c3 f5
22. Ng5 Nxd3 23. Nxd3 fxg4 24. f4 Rd8 25. Ne5 Nf5 26. Ngf7 Nxh6 27. Nxd8 b6 28.
Rad1 Ba6 29. Rfe1 Nf5 30. Nxg4 h5 31. Nf6+ Kg7 32. Rxe6 Bc4 33. Rd7+ Kh6 34.
Ng8# 1-0